Geology of the Appalachian valley in Virginia, (Record no. 27725)

MARC details
000 -LEADER
fixed length control field 01208cam a22002891 4500
001 - CONTROL NUMBER
control field gs 41000115
003 - CONTROL NUMBER IDENTIFIER
control field DLC
005 - DATE AND TIME OF LATEST TRANSACTION
control field 20260227111346.0
008 - FIXED-LENGTH DATA ELEMENTS--GENERAL INFORMATION
fixed length control field 780218m19409999vauabcf b 000 0 eng c
010 ## - LIBRARY OF CONGRESS CONTROL NUMBER
LC control number gs 41000115
035 ## - SYSTEM CONTROL NUMBER
System control number (OCoLC)3649241
040 ## - CATALOGING SOURCE
Original cataloging agency U.S. Geol. survey. Library
Transcribing agency CCC
Modifying agency OCoLC
-- WaChenE
-- DLC
042 ## - AUTHENTICATION CODE
Authentication code premarc
050 00 - LIBRARY OF CONGRESS CALL NUMBER
Classification number QE173
Item number .A2 no. 52
100 1# - MAIN ENTRY--PERSONAL NAME
Personal name Butts, Charles,
Dates associated with a name 1863-1946.
245 10 - TITLE STATEMENT
Title Geology of the Appalachian valley in Virginia,
Statement of responsibility, etc. by Charles Butts ... Prepared in cooperation with the United States Geological survey.
260 ## - PUBLICATION, DISTRIBUTION, ETC.
Place of publication, distribution, etc. University, Va.,
Date of publication, distribution, etc. 1940-
300 ## - PHYSICAL DESCRIPTION
Extent v.
Other physical details illus. (incl. maps) plates (part fold.) port.
Dimensions 23 cm.
490 1# - SERIES STATEMENT
Series statement Virginia. Geological survey. Bulletin
Volume/sequential designation 52
500 ## - GENERAL NOTE
General note At head of title: Commonwealth of Virginia. Virginia Conservation Commission. Virginia Geological survey, Arthur Bevan, state geologist.
504 ## - BIBLIOGRAPHY, ETC. NOTE
Bibliography, etc. note Bibliographical foot-notes.
505 0# - FORMATTED CONTENTS NOTE
Formatted contents note pt. 1. Geologic text and illustrations.--pt. II. Fossil plates and explanations.
650 #0 - SUBJECT ADDED ENTRY--TOPICAL TERM
Topical term or geographic name entry element Geology
Geographic subdivision Virginia.
710 2# - ADDED ENTRY--CORPORATE NAME
Corporate name or jurisdiction name as entry element Geological Survey (U.S.)
710 2# - ADDED ENTRY--CORPORATE NAME
Corporate name or jurisdiction name as entry element Virginia Geological Survey.
830 #0 - SERIES ADDED ENTRY--UNIFORM TITLE
Uniform title Bulletin (Virginia Geological Survey)
Volume/sequential designation 52,

No items available.

Powered by Koha